Origines des prénoms (click quiz) - Statistiques

Statistiques générales
  • Ce quiz a été pris 173 fois
  • Le résultat moyen est 6 sur 10
Statistiques - réponses
Hint Réponse % Correct
Farrah Arabe
91%
Germain Germanique
79%
David Hébraïque
78%
Scott Ecossaise
72%
Erwann Celtique
50%
Alexandre Grecque
45%
Amanda Latine
44%
Liam Irlandaise
42%
Nadia Russe
40%
Dylan Galloise
27%
Aucun quiz correspondant
Distribution des résultats
% des personnes avec chaque résultat
Percentile par nombre de réponses
Votre historique - résultats
Vous n’avez pas pris ce quiz